Statistics for Stray Kids: Changbin

Click here to take the quiz!

General Stats

  • This quiz has been taken 137 times
  • The average score is 10 of 15

Answer Stats

QuestionAnswer% Correct
What Racha line is Changbin from?3racha
96%
What is Changbin's last name?Seo
95%
Which member is Changbin in love with? (joke)Hyunjin
92%
What brand of phone does Changbin have?Samsung
92%
What is the gender of Changbin's older sibling?Female
88%
What colour was Changbin's hair during maniac?Green
86%
How long did Changbin train for?2 years
85%
What is the name of Changbin's Skzoo?Dwaekki
83%
What is one of the two of Changbins solo songs? (Skz Replay)Doodle/Streetlight
74%
What animal is Changbin's Skzoo?Pig-Rabbit Hybrid
71%
What is Changbin's official rapper name?SPEARB
62%
When is Changbin's birthday? (M/D/Y)August 11th 1999
61%
What is Changbin?Adorable/cute/awesome/babygirl
18%
What is the name of Changbin's stuffed toy he can't sleep without?Gyu
11%
How many songs are credited to Changbin officially (June 2023)161
10%

Score Distribution

Percentile by Number Answered

Percent of People with Each Score

Your Score History

You have not taken this quiz